Statistics for Tricky Spellings Multiple Choice

Click here to take the quiz!

General Stats

  • This quiz has been taken 370 times
  • The average score is 12 of 15

Answer Stats

Question Answer % Correct
A person living next door to youNeighbor or Neighbour
95%
Without doubtDefinitely
94%
Strange or bizarreWeird
92%
A written statement acknowledging that something has been purchasedReceipt
91%
A strong, regular repeated patternRhythm
90%
A formal assurance that certain conditions will be fulfilledGuarantee
88%
ExcessivelyToo
88%
Belonging to or associated withTheir
87%
Advise someone to do somethingRecommend
84%
Needed to be done or achievedNecessary
78%
Happened; Took placeOccurred
64%
A sea within Central AmericaCaribbean
63%
A person who acts as a link to assist communication between peopleLiaison
60%
Provide lodging or sufficient space forAccommodate
57%
Cause someone to feel awkward or ashamedEmbarrass
56%

Score Distribution

Percentile by Number Answered

Percent of People with Each Score

Your Score History

You have not taken this quiz